Environmental decision making and risk management : selected essays

Αποθηκεύτηκε σε:
Λεπτομέρειες βιβλιογραφικής εγγραφής
Κύριος συγγραφέας: Langford, Ian H.
Άλλοι συγγραφείς: Turner, R. Kerry (Επιμελητής έκδοσης), Γεωργίου, Σταύρος Γ. (Επιμελητής έκδοσης), Bateman, Ian (Επιμελητής έκδοσης)
Μορφή: Βιβλίο
Γλώσσα:English
Δημοσίευση: Cheltenham, UK; Northampton, MA : Edward Elgar, c2004
Θέματα:
Ετικέτες: Προσθήκη ετικέτας
Δεν υπάρχουν, Καταχωρήστε ετικέτα πρώτοι!

MARC

LEADER 00000nam a2200000 i 4500
001 1/55728
008 070921s2004 eng d
020 |a 1-84376-798-8 (hbk.) 
035 |l 10090946 
040 |a GR-MY-UA  |b gre  |e aacr 
041 0 |a eng 
082 0 |a 333.7  |2 (22) 
100 1 |a Langford, Ian H. 
245 1 0 |a Environmental decision making and risk management :  |b selected essays /  |c by Ian Langford ; edited by R. Kerry Turner, Stavros Georgiou and Ian J. Bateman 
260 |a Cheltenham, UK; Northampton, MA :   |b Edward Elgar,   |c c2004 
300 |a xvii, 307 σ.;  |b σχ., διαγρ.;  |c 25 εκ. 
504 |a Περιλαμβάνει βιβλιογραφικές αναφορές και ευρετήριο 
650 0 0 |a Environmental economics. 
650 0 0 |a Environmental risk assessment. 
650 0 0 |a Health risk assessment. 
650 0 0 |a Risk perception. 
650 0 0 |a Contingent valuation. 
650 0 0 |a Risk assessment  |x Mathematical models. 
700 1 |a Turner, R. Kerry.  |4 edt 
700 1 |a Γεωργίου, Σταύρος Γ.  |4 edt 
700 1 |a Bateman, Ian.  |4 edt 
852 |a INST  |b LESVOS  |e 20070921  |h 333.7 LAN  |p 005100039050  |q 005100039050  |t BK  |y 0 
852 |a INST  |b LESVOS  |e 20080904  |h 333.7 LAN  |p 005100043014  |q 005100043014  |t BK  |y 0 
901 |a BIBL1-2007-3 
901 |a BIBL1-2008-3 
909 |a Λ  |b 138271 
909 |a Λ  |b 145637 
922 |a 1ΕΛΗ  |b 200707  |c ΕΠΕΑΕΚ2/ΤΠ  |d ΠΑΠΑΣΩΤΗΡΙΟΥ 
922 |a 1ΕΛΗ  |b 200801  |c ΕΠΕΑΕΚ2/ΤΓ  |d ΕΛΕΥΘΕΡΟΥΔΑΚΗΣ 
970 |a ΒΑΡΚΑ  |b ΕΛΕΥΘΕΡΙΑ  |z 2007/09/21